00418 2200169 4500245003900000020002200039250001100061100001700072650001600089005001900105260003100124041001400155084000800169300001500177500004700192336000900239 aPangeran KelascHendra PutrahText a978-602-6940-88-9 aCet. 1 aHendra Putra aNovel Fiksi a20240125134425 aDepokbBintang Mediac2017 aIndonesia a813 a410 hlm. : aBerjuta cerita cinta terukir didalam dunia atext